Pakistan 's Crisis in Leadership / (Record no. 187470)
[ view plain ]
| 000 -LEADER | |
|---|---|
| fixed length control field | 00944 a2200169 4500 |
| 003 - CONTROL NUMBER IDENTIFIER | |
| control field | Nust |
| 005 - DATE AND TIME OF LATEST TRANSACTION | |
| control field | 20230208093419.0 |
| 040 ## - CATALOGING SOURCE | |
| Transcribing agency | Nust |
| 082 ## - DEWEY DECIMAL CLASSIFICATION NUMBER | |
| Classification number | 954.1,KHA |
| 100 ## - MAIN ENTRY--PERSONAL NAME | |
| Personal name | Khan, Muqeem Fazal |
| 9 (RLIN) | 108709 |
| 245 ## - TITLE STATEMENT | |
| Title | Pakistan 's Crisis in Leadership / |
| Statement of responsibility, etc. | Fazal Muqeem Khan |
| 260 ## - PUBLICATION, DISTRIBUTION, ETC. | |
| Place of publication, distribution, etc. | Islambad |
| 300 ## - PHYSICAL DESCRIPTION | |
| Extent | 275;p |
| 505 ## - FORMATTED CONTENTS NOTE | |
| Formatted contents note | Between the two Wars (Page-1), Pakistan Government 1969-71 (Page-16), Leading to Crisis (Page-32), Revolt in East Pakistan (Page-56), Insurgency -1 (Page-71), Mukti Bahini (Page-92), Defence Plans (Page-105), Insurgency –II (Page-115), Indian Preparations (Page-132), State of Army November 1971(Page-147), India Invades East Pakistan (Page-159), The Fall of Dacca (Page-174), War in the West (Page-192), Pakistan Navy in the War (Page-219), Pakistan Air Force in War (Page-234), Aftermath (Page-247), Reasons for Debacle (Page-255). |
| 650 ## - SUBJECT ADDED ENTRY--TOPICAL TERM | |
| Topical term or geographic name entry element | Crisis in Leadership |
| 9 (RLIN) | 108710 |
| 942 ## - ADDED ENTRY ELEMENTS (KOHA) | |
| Source of classification or shelving scheme | |
| Koha item type | Book |
| Call number prefix | 954.1,KHA |
| Withdrawn status | Lost status | Source of classification or shelving scheme | Damaged status | Not for loan | Permanent Location | Current Location | Shelving location | Date acquired | Full call number | Barcode | Date last seen | Price effective from | Koha item type | Public note |
|---|---|---|---|---|---|---|---|---|---|---|---|---|---|---|
| Military College of Signals (MCS) | Military College of Signals (MCS) | General Stacks | 12/12/2016 | 954.1,KHA | MCS29490 | 12/08/2016 | 12/12/2016 | Book | Almirah No. 61, Shelf No. 5 |
